[Event "Superettan(Sollentuna-Solna)"]
[Site "?"]
[Date "2014.03.08"]
[Round "8"]
[White "Cramling, Anna"]
[Black "Bjarnehag, Peter"]
[Result "0-1"]
[WhiteElo "1410"]
[BlackElo "2208"]
[PlyCount "110"]

1. d4 c5 2. d5 g6 3. c4 Bg7 4. Nc3 d6 5. e4 a6 6. f4 e6 7. Nf3 Ne7 8. a3 O-O 9.
e5 exd5 10. cxd5 dxe5 11. fxe5 Bg4 12. Bf4 Nd7 13. Qe2 Nf5 14. O-O-O Nd4 15.
Qe3 Bxf3 16. gxf3 Re8 17. e6 fxe6 18. dxe6 Nb6 19. Bh3 Nd5 20. Nxd5 Qxd5 21.
Kb1 Rac8 22. e7 Rc6 23. Rhe1 Bf6 24. Qe4 Qxe4+ 25. Rxe4 Rxe7 26. Rde1 Rxe4 27.
fxe4 Ne6 28. Bg3 Bd4 29. e5 Rb6 30. Re2 Kf7 31. Bg2 g5 32. Bf2 Nf4 33. Rd2 Bxf2
34. Rxf2 Rb3 35. Bf3 Ke6 36. Kc2 c4 37. Be4 h6 38. Rf3 Rb5 39. Rc3 Kxe5 40.
Rxc4 Nd5 41. Bxd5 Kxd5 42. Rc3 Rc5 43. Rxc5+ Kxc5 44. Kd3 Kd5 45. Ke3 Kc4 46.
Ke4 Kb3 47. Kf5 Kxb2 48. Kg6 Kxa3 49. Kxh6 b5 50. Kxg5 b4 51. h4 b3 52. h5 b2
53. h6 b1=Q 54. Kf6 Qh7 55. Kg5 Kb4 0-1

[Event "Superettan(Manhem I-Rockaden,Umea)"]
[Site "?"]
[Date "2014.03.09"]
[Round "9"]
[White "Wickstrom, Lucas"]
[Black "Welin, Mats"]
[Result "1/2-1/2"]
[WhiteElo "2416"]
[BlackElo "2392"]
[PlyCount "86"]
[EventDate "2014.??.??"]

1. d4 Nf6 2. c4 e6 3. Nf3 d5 4. Nc3 Be7 5. Bg5 h6 6. Bh4 O-O 7. e3 b6 8. Rc1
Bb7 9. cxd5 Nxd5 10. Bxe7 Qxe7 11. Bd3 Rc8 12. O-O c5 13. dxc5 Rxc5 14. Nxd5
Bxd5 15. Rxc5 Qxc5 16. Qa4 Bc6 17. Qd4 Nd7 18. Rd1 Bxf3 19. Qxc5 Nxc5 20. gxf3
Kf8 21. b4 Nxd3 22. Rxd3 Ke7 23. Kf1 Rc8 24. Ra3 Rc7 25. Ke2 g5 26. Kd3 Kd6 27.
b5 f5 28. Ra4 Rc5 29. Rd4+ Ke5 30. a4 Rc1 31. f4+ Kf6 32. fxg5+ hxg5 33. Ke2
Rh1 34. Rd7 Rxh2 35. Kf3 Rh4 36. Rxa7 Rb4 37. Ra6 Ke5 38. Rxb6 Rxa4 39. Rb8 Rb4
40. b6 g4+ 41. Kg3 Ke4 42. b7 e5 43. Kg2 Rb1 1/2-1/2

[Event "Superettan(Manhem I-Rockaden,Umea)"]
[Site "?"]
[Date "2014.03.09"]
[Round "9"]
[White "Hultin, Johan"]
[Black "Petrov, Marijan"]
[Result "0-1"]
[WhiteElo "2377"]
[BlackElo "2550"]
[PlyCount "94"]

1. d4 g6 2. c4 Bg7 3. e4 c5 4. d5 d6 5. Nc3 e6 6. Bd3 Nf6 7. h3 O-O 8. Nf3 exd5
9. cxd5 a6 10. a4 Nh5 11. O-O Nd7 12. Be2 Re8 13. Re1 Rb8 14. Bg5 Bf6 15. Bh6
Ng7 16. Bf4 Ne5 17. Nd2 Bg5 18. Bh2 Qf6 19. Bxe5 Rxe5 20. Nf3 Re8 21. e5 Qd8
22. Ne4 Be7 23. Bc4 b5 24. axb5 axb5 25. Bf1 Bf5 26. b4 Bxe4 27. Rxe4 c4 28.
Nd4 dxe5 29. Nc6 Qd6 30. Rxe5 Rbc8 31. Nxe7+ Rxe7 32. Rxe7 Qxe7 33. d6 Qd7 34.
Qd5 Nf5 35. Ra6 Rd8 36. h4 Nxd6 37. h5 Nf5 38. Qxd7 Rxd7 39. g4 Nd4 40. h6 Rd8
41. Ra7 Rc8 42. Rb7 Kf8 43. Kg2 c3 44. Bd3 c2 45. Bxc2 Rxc2 46. Rb8+ Ke7 47.
Rh8 Ne6 0-1

[Event "Superettan(Manhem I-Rockaden,Umea)"]
[Site "?"]
[Date "2014.03.09"]
[Round "9"]
[White "Forsberg, Viktor"]
[Black "Moberg, Karl Johan"]
[Result "1-0"]
[WhiteElo "2367"]
[BlackElo "2344"]
[PlyCount "123"]

1. e4 e5 2. Nf3 Nc6 3. Bb5 a6 4. Ba4 Nf6 5. O-O b5 6. Bb3 Bc5 7. a4 Bb7 8. d3
d6 9. Bg5 h6 10. Bxf6 Qxf6 11. Bd5 O-O 12. c3 b4 13. d4 exd4 14. cxd4 Ba7 15.
Qd3 Rfb8 16. Bxc6 Bxc6 17. Rc1 d5 18. e5 Qe6 19. Nbd2 a5 20. Nb3 Bb6 21. Nc5
Qe8 22. b3 Bd7 23. Ra2 Qe7 24. Re2 Rf8 25. Ne1 Qg5 26. Qe3 Qxe3 27. Rxe3 Rad8
28. Ned3 Bf5 29. Nf4 Rfe8 30. Ne2 f6 31. exf6 Rxe3 32. fxe3 gxf6 33. Kf2 Kf7
34. Nf4 Rd6 35. Nb7 Rd7 36. Rc6 Bb1 37. Nh5 Ba2 38. Nxf6 Re7 39. Nxd5 Bxb3 40.
Nxb6 cxb6 41. Rxb6 Bd5 42. Nxa5 Rc7 43. g4 Rc2+ 44. Kg3 b3 45. Nxb3 Rc3 46. Nc5
Rxe3+ 47. Kf4 Rh3 48. Ke5 Bh1 49. Rf6+ Ke7 50. Rf2 Re3+ 51. Kf4 Re1 52. a5 Kd6
53. Kf5 Kd5 54. Rf4 Bg2 55. h4 Bh3 56. Kg6 Rg1 57. Kh5 Rg3 58. a6 Kc6 59. Kxh6
Bxg4 60. Rf6+ Kd5 61. a7 Ra3 62. Ra6 1-0

[Event "Superettan(Manhem I-Rockaden,Umea)"]
[Site "?"]
[Date "2014.03.09"]
[Round "9"]
[White "Akesson, Joel"]
[Black "Eriksson, Jorgen"]
[Result "1-0"]
[WhiteElo "2350"]
[BlackElo "2274"]
[PlyCount "155"]

1. c4 e6 2. Nf3 d5 3. g3 Nf6 4. Bg2 Be7 5. O-O O-O 6. b3 b6 7. Bb2 Bb7 8. e3 c5
9. Qe2 Nc6 10. Rd1 Qc7 11. Nc3 Rad8 12. Rac1 Qb8 13. d4 cxd4 14. exd4 dxc4 15.
bxc4 Rfe8 16. Nb5 a6 17. Ne5 Na5 18. Nc3 Bxg2 19. Kxg2 Qb7+ 20. Kg1 Bd6 21. Na4
Nd7 22. Nxd7 Rxd7 23. c5 Bc7 24. cxb6 Bxb6 25. Nc5 Bxc5 26. dxc5 Red8 27. Rxd7
Qxd7 28. Qg4 f6 29. Bxf6 Rf8 30. Bc3 Nc6 31. Re1 Re8 32. Rd1 Qf7 33. Rd6 h5 34.
Qf4 Qxf4 35. gxf4 Nd8 36. Rxa6 Nf7 37. c6 Rc8 38. Be5 Nxe5 39. fxe5 Kf7 40. Kf1
Kg6 41. Ke2 Kf5 42. Kd3 Kxe5 43. Kc4 Kd6 44. Kb5 Rf8 45. Ra7 e5 46. Rd7+ Ke6
47. Rxg7 Rxf2 48. c7 Rc2 49. Kb6 Rb2+ 50. Kc6 Rc2+ 51. Kb7 Rb2+ 52. Kc8 Rxh2
53. Rg6+ Kf5 54. Kd7 Kxg6 55. c8=Q Kf5 56. Kd6+ Kf4 57. Qf8+ Ke4 58. Qg7 Rd2+
59. Ke6 Re2 60. Qg6+ Kd4 61. Qxh5 Re3 62. Qd1+ Kc4 63. Qc1+ Rc3 64. Qf1+ Kb4
65. Qe1 Kc4 66. Qxe5 Ra3 67. Qb2 Ra6+ 68. Ke5 Ra5+ 69. Ke4 Kc5 70. Qc3+ Kb5 71.
a3 Ra7 72. Qb4+ Ka6 73. Kd5 Rb7 74. Kc6 Rxb4 75. axb4 Ka7 76. b5 Kb8 77. Kb6
Ka8 78. Kc7 1-0

[Event "Superettan(Manhem I-Rockaden,Umea)"]
[Site "?"]
[Date "2014.03.09"]
[Round "9"]
[White "Malmstig, Erik"]
[Black "Kinnmark, Ove"]
[Result "1-0"]
[WhiteElo "2309"]
[BlackElo "2236"]
[PlyCount "95"]

1. d4 Nf6 2. c4 e6 3. Nc3 Bb4 4. e3 O-O 5. Bd3 d5 6. cxd5 exd5 7. Nge2 Re8 8.
f3 c5 9. O-O b6 10. a3 Bxc3 11. bxc3 Ba6 12. Bc2 Nc6 13. Re1 Rc8 14. Ba4 Bc4
15. Rb1 a6 16. Ng3 b5 17. Bc2 a5 18. Nf5 g6 19. Ng3 Re6 20. Bb2 h5 21. Qd2 h4
22. Ne2 Qf8 23. Nf4 Ree8 24. Rbd1 Qh6 25. Qf2 b4 26. cxb4 cxb4 27. Ba4 Red8 28.
Qd2 Qf8 29. Ra1 bxa3 30. Bxa3 Nb4 31. Reb1 Rb8 32. Rb2 Rb6 33. Rab1 Rdb8 34.
Qe1 Qe7 35. Qd2 Nh7 36. Re1 g5 37. Nh3 f5 38. Nf2 Re6 39. Qc3 Nf6 40. Bc2 Re8
41. Nd1 Qh7 42. Bxb4 axb4 43. Rxb4 g4 44. f4 Nh5 45. Nb2 Ba6 46. Bd3 Rc8 47.
Qb3 Nxf4 48. Bxa6 1-0

[Event "Superettan(Manhem I-Rockaden,Umea)"]
[Site "?"]
[Date "2014.03.09"]
[Round "9"]
[White "Berggren Torell, Harald"]
[Black "Nygren, David"]
[Result "1-0"]
[WhiteElo "2219"]
[BlackElo "2212"]
[PlyCount "63"]

1. e4 c5 2. Nf3 Nc6 3. Nc3 a6 4. d4 cxd4 5. Nxd4 e5 6. Nf5 d6 7. Bc4 Nf6 8. Bg5
Bxf5 9. exf5 Be7 10. Bxf6 Bxf6 11. Qd5 O-O 12. O-O-O Nd4 13. Qxb7 Rb8 14. Qxa6
Ra8 15. Qb7 Qa5 16. Ne4 Nxc2 17. Kxc2 Rac8 18. Nxd6 Qxa2 19. Qb3 Qa7 20. Nxc8
Rxc8 21. Kb1 Rb8 22. Bxf7+ Kf8 23. Rd7 Qxd7 24. Qxb8+ Kxf7 25. Qb3+ Kf8 26. g4
Qc6 27. Rc1 Qe4+ 28. Ka1 g5 29. Rc8+ Kg7 30. Qg8+ Kh6 31. Qf8+ Bg7 32. Qd6+ 1-0

[Event "Superettan(Manhem I-Rockaden,Umea)"]
[Site "?"]
[Date "2014.03.09"]
[Round "9"]
[White "Lindgren, Fredrik"]
[Black "Fendrich, David"]
[Result "1/2-1/2"]
[WhiteElo "2270"]
[BlackElo "2263"]
[PlyCount "149"]

1. d4 Nf6 2. Nf3 c5 3. c3 b6 4. g3 Bb7 5. Bg2 g6 6. O-O Bg7 7. Qb3 cxd4 8. Ne5
d5 9. cxd4 O-O 10. Nc3 Nc6 11. Rd1 Na5 12. Qa4 Rc8 13. Bd2 a6 14. b3 Nc6 15.
Nxc6 Rxc6 16. Qb4 Qd6 17. Qxd6 Rxd6 18. Bf4 Rdd8 19. Na4 Nd7 20. Bc7 Rc8 21.
Rac1 b5 22. Nb2 Ra8 23. e3 Nf6 24. Nd3 Bc8 25. Nb4 Be6 26. Nc6 Rfe8 27. Ba5 Bf5
28. Bb4 Bf8 29. f3 g5 30. g4 Bg6 31. Rc3 e6 32. Bxf8 Kxf8 33. Ne5 Rec8 34. Rdc1
Rxc3 35. Rxc3 Ne8 36. Bf1 f6 37. Nxg6+ hxg6 38. Rc6 Ke7 39. a4 bxa4 40. bxa4 a5
41. Bb5 Ra7 42. h3 Nd6 43. Bd3 Kd7 44. Rc5 f5 45. Kf2 Ra8 46. Kg3 Ra7 47. gxf5
gxf5 48. f4 Ne4+ 49. Bxe4 gxf4+ 50. Kxf4 fxe4 51. Rb5 Ra8 52. Ke5 Rh8 53. Rb7+
Kc6 54. Re7 Rh5+ 55. Kxe6 Rxh3 56. Ra7 Rh6+ 57. Kf5 Kb6 58. Re7 Rh5+ 59. Kg4
Rh6 60. Kg5 Rh3 61. Kf4 Rf3+ 62. Ke5 Rxe3 63. Kxd5 Ra3 64. Kd6 Rxa4 65. d5 Ra1
66. Rxe4 Rh1 67. Kd7 Kc5 68. d6 Rd1 69. Re5+ Kb4 70. Kc6 a4 71. Rb5+ Kc4 72.
Rc5+ Kb4 73. Rb5+ Kc4 74. Rc5+ Kb4 75. Rb5+ 1/2-1/2

[Event "Superettan(Manhem I-Rockaden,Umea)"]
[Site "?"]
[Date "2014.03.09"]
[Round "9"]
[White "Outgajjouft, Said"]
[Black "Magnussen, Helge"]
[Result "1/2-1/2"]
[WhiteElo "2172"]
[BlackElo "2113"]
[PlyCount "123"]

1. e4 e6 2. d4 d5 3. exd5 exd5 4. Bd3 Bd6 5. Ne2 Nc6 6. c3 Nge7 7. Qc2 Ng6 8.
Be3 Nce7 9. Nd2 Nh4 10. O-O Bf5 11. Bg5 Bxd3 12. Qxd3 Nhg6 13. Qb5+ Qd7 14.
Qxb7 O-O 15. Qa6 f6 16. Be3 Rae8 17. Nf3 Nf5 18. Bd2 Nfh4 19. Nxh4 Nxh4 20. f3
Qf5 21. Rae1 Qc2 22. Bf4 Bxf4 23. Nxf4 Qd2 24. Rxe8 Rxe8 25. g3 Qe3+ 26. Kh1
Nxf3 27. Qd3 Qxd3 28. Nxd3 Nd2 29. Rf2 Nc4 30. Kg2 a5 31. Nf4 c6 32. b3 Nd6 33.
Re2 Re4 34. Kf3 Kf7 35. Rxe4 Nxe4 36. Ne2 Ke6 37. Ke3 g5 38. a4 Nd6 39. Kd3 Nc8
40. g4 f5 41. h3 f4 42. Ng1 Nd6 43. Nf3 Ne4 44. h4 gxh4 45. Nxh4 Nf2+ 46. Ke2
Nxg4 47. b4 axb4 48. cxb4 Ne3 49. b5 cxb5 50. axb5 Nc2 51. Kd3 Na3 52. b6 Kd7
53. Ng2 f3 54. Ne3 Kc6 55. b7 Kxb7 56. Nxd5 Nb5 57. Nf6 Nxd4 58. Ke3 h6 59. Ng4
Kc6 60. Nxh6 Kd5 61. Nf5 Nxf5+ 62. Kxf3 1/2-1/2

[Event "Superettan(Manhem II-Sollentuna)"]
[Site "?"]
[Date "2014.03.09"]
[Round "9"]
[White "Tsyhanchuk, Stanislav"]
[Black "Andersson, Goran"]
[Result "1-0"]
[WhiteElo "2416"]
[BlackElo "2234"]
[PlyCount "45"]

1. Nf3 c5 2. b3 d6 3. Bb2 e5 4. e4 g6 5. c3 Bg7 6. d4 Qc7 7. Na3 exd4 8. cxd4
Ne7 9. Nb5 Qd8 10. e5 dxe5 11. dxc5 Nbc6 12. Qxd8+ Kxd8 13. Rd1+ Bd7 14. Ng5
Nf5 15. Nxf7+ Ke7 16. Nxh8 Rxh8 17. Bc4 Na5 18. Be2 a6 19. Nd6 Nd4 20. Bxd4
exd4 21. O-O b6 22. b4 Nc6 23. a3 1-0

[Event "Superettan(Manhem II-Sollentuna)"]
[Site "?"]
[Date "2014.03.09"]
[Round "9"]
[White "Bengtsson, Jonas"]
[Black "Poley, Vladimir"]
[Result "0-1"]
[WhiteElo "2162"]
[BlackElo "2415"]
[PlyCount "72"]

1. d4 g6 2. c4 Bg7 3. e4 Nc6 4. Nf3 d6 5. d5 Nb8 6. Nc3 a5 7. Be2 Nf6 8. O-O
O-O 9. h3 Na6 10. Be3 Nd7 11. Qd2 e5 12. Ne1 f5 13. f3 f4 14. Bf2 g5 15. Nd3
Rf7 16. Na4 b6 17. a3 Nf6 18. b4 h5 19. Nc3 g4 20. hxg4 hxg4 21. fxg4 Nxg4 22.
Ne1 Qg5 23. Qd1 Qh5 24. Bxg4 Bxg4 25. Nf3 Bf6 26. Be1 Rg7 27. Kf2 Kf7 28. Ke2
Rag8 29. Nb5 Bc8 30. Kd3 Rxg2 31. Rc1 axb4 32. axb4 Rb2 33. Rb1 Rxb1 34. Qxb1
Qh3 35. Bc3 Rg3 36. Qd1 Bg4 0-1

[Event "Superettan(Manhem II-Sollentuna)"]
[Site "?"]
[Date "2014.03.09"]
[Round "9"]
[White "Aroven, Mikael"]
[Black "Larsson, Dan"]
[Result "1/2-1/2"]
[WhiteElo "2197"]
[BlackElo "2092"]
[PlyCount "140"]

1. c4 c6 2. Nf3 d5 3. g3 Nf6 4. Bg2 Bf5 5. O-O h6 6. d4 e6 7. Qa4 Nbd7 8. cxd5
Nb6 9. Qb3 exd5 10. Ne5 Bd6 11. Nd2 O-O 12. Ndf3 Rb8 13. Re1 Nbd7 14. Nd3 Re8
15. Bf4 Bxf4 16. Nxf4 Qb6 17. Qa3 Ne4 18. e3 Ndf6 19. Ne5 Rbd8 20. Rac1 a6 21.
Red1 Nd6 22. b3 Nfe4 23. Qb2 a5 24. Nfd3 f6 25. Nf3 Qa7 26. Nh4 Bh7 27. a4 Rc8
28. Bf3 Ng5 29. Bg2 Be4 30. f3 Bh7 31. Qf2 Rc7 32. Nf4 Rce7 33. Rc3 Kf7 34. Bf1
Ne6 35. Nxe6 Rxe6 36. g4 Qb6 37. Ng2 Qb4 38. Qd2 f5 39. h3 Kg8 40. Bd3 Rf6 41.
Qc2 Re7 42. Rf1 g5 43. Kh1 Kh8 44. Rc5 fxg4 45. hxg4 Bxd3 46. Qxd3 Ref7 47. Ne1
Ne4 48. Kg2 Nxc5 49. dxc5 Qxc5 50. Nc2 b5 51. Nd4 bxa4 52. bxa4 Rb7 53. Rf2 Qb6
54. Rc2 c5 55. Nf5 Qc6 56. Qc3 Rb4 57. Ne7 d4 58. exd4 Qd7 59. Qxc5 Rxd4 60.
Qe5 Qd6 61. Ng6+ Kg7 62. Rc7+ Qxc7 63. Qxc7+ Kxg6 64. Qxa5 Rdd6 65. Qa8 Kf7 66.
Qb7+ Ke8 67. a5 Rde6 68. Qc8+ Ke7 69. Kf2 Kf7 70. Qd7+ Kf8 1/2-1/2

[Event "Superettan(Manhem II-Sollentuna)"]
[Site "?"]
[Date "2014.03.09"]
[Round "9"]
[White "Bengtsson, Jessica"]
[Black "Kassani, Sam"]
[Result "1/2-1/2"]
[WhiteElo "2100"]
[BlackElo "2239"]
[PlyCount "54"]

1. e4 c6 2. d4 d5 3. Nc3 dxe4 4. Nxe4 Bf5 5. Ng3 Bg6 6. Bc4 e6 7. N1e2 Nd7 8.
O-O Bd6 9. f4 Ne7 10. Bd3 O-O 11. c3 Nf6 12. f5 exf5 13. Nxf5 Nxf5 14. Bxf5 Nd5
15. Qd3 Qc7 16. g3 c5 17. Nf4 Nxf4 18. Bxf4 cxd4 19. Bxd6 Qxd6 20. Qxd4 Qa6 21.
Bxg6 hxg6 22. Rf2 Rad8 23. Qf4 Rd7 24. a3 Qb6 25. Raf1 a5 26. Kg2 Qc6+ 27. Qf3
Qc4 1/2-1/2

[Event "Superettan(Manhem II-Sollentuna)"]
[Site "?"]
[Date "2014.03.09"]
[Round "9"]
[White "Jakenberg, Jussi"]
[Black "Bergre, Joachim"]
[Result "1/2-1/2"]
[WhiteElo "2088"]
[BlackElo "2035"]
[PlyCount "66"]

1. e4 d6 2. d4 g6 3. c3 Bg7 4. Nf3 Nf6 5. Bd3 O-O 6. O-O Nc6 7. d5 Nb8 8. h3 e5
9. dxe6 Bxe6 10. Nd4 Bc8 11. Bg5 h6 12. Bh4 Nbd7 13. Nd2 a6 14. a4 Ne5 15. Bc2
Qe8 16. f4 Nc6 17. Qf3 Nh7 18. N2b3 Nxd4 19. Nxd4 c5 20. Ne2 g5 21. fxg5 Nxg5
22. Bxg5 hxg5 23. Ng3 Qe5 24. Rad1 Be6 25. Nf5 Bxf5 26. Qxf5 b5 27. Rd5 Qxf5
28. Rfxf5 Be5 29. Rxg5+ Kh8 30. Rd3 f6 31. Rg4 Rg8 32. Rxg8+ Kxg8 33. Kf2 Rb8
1/2-1/2

[Event "Superettan(Manhem II-Sollentuna)"]
[Site "?"]
[Date "2014.03.09"]
[Round "9"]
[White "Lundstrom, Mattias"]
[Black "Duenas, Alexis"]
[Result "1-0"]
[WhiteElo "2099"]
[BlackElo "2083"]
[PlyCount "83"]

1. e4 c5 2. Nf3 Nc6 3. d4 cxd4 4. Nxd4 e5 5. Nb5 d6 6. N1c3 a6 7. Na3 b5 8. Nd5
Nge7 9. c4 Nxd5 10. Qxd5 Bd7 11. cxb5 Nd4 12. bxa6 Be6 13. Bb5+ Nxb5 14. Qxb5+
Bd7 15. Qe2 Qa5+ 16. Bd2 Qxa6 17. Qxa6 Rxa6 18. Nc2 Be6 19. Nb4 Ra4 20. Bc3 Be7
21. b3 Ra3 22. O-O-O f5 23. Kb2 Ra8 24. Nd5 Bxd5 25. exd5 O-O 26. a4 Rfb8 27.
Ra1 Kf7 28. Ka3 Bd8 29. Rac1 Ke8 30. b4 Kd7 31. Rhd1 Bb6 32. f3 Be3 33. Rc2 g6
34. Bd2 Bd4 35. Rdc1 Ra7 36. Kb3 Rbb7 37. Rc6 Ra8 38. b5 Bb6 39. Bb4 Bc7 40.
Be1 Bb6 41. R1c2 Rbb8 42. Bb4 1-0

[Event "Superettan(Manhem II-Sollentuna)"]
[Site "?"]
[Date "2014.03.09"]
[Round "9"]
[White "Cramling, Anna"]
[Black "Kenani, Dariush"]
[Result "0-1"]
[WhiteElo "1410"]
[BlackElo "2035"]
[PlyCount "100"]

1. d4 d5 2. c4 e6 3. Nc3 c6 4. Nf3 Bb4 5. cxd5 exd5 6. Bf4 Nf6 7. a3 Ba5 8. b4
Bb6 9. e3 a5 10. b5 O-O 11. Bd3 Bg4 12. Rb1 c5 13. Na4 cxd4 14. Nxb6 Qxb6 15.
exd4 Re8+ 16. Be3 Ne4 17. Qc2 Nd7 18. O-O Bxf3 19. gxf3 Rac8 20. Qb2 Qg6+ 21.
Kh1 Nxf2+ 22. Rxf2 Qxd3 23. Bf4 Rc4 24. Rg1 Qxd4 25. Qxd4 Rxd4 26. Bh6 g6 27.
Rc1 Rc4 28. Rxc4 dxc4 29. Rd2 Nf8 30. Rd5 Rc8 31. b6 Ne6 32. Rxa5 c3 33. Bc1
Nc5 34. Ra7 Rd8 35. Kg2 Kg7 36. Be3 c2 37. a4 Rd3 38. Bf4 h6 39. a5 g5 40. Be5+
Kg6 41. Bb2 Rb3 42. Bc1 Rb1 43. Be3 Re1 44. a6 Rxe3 45. axb7 c1=Q 46. b8=Q Qd2+
47. Kh3 Rxf3+ 48. Qg3 Rxg3+ 49. hxg3 h5 50. g4 hxg4+ 0-1

[Event "Superettan(Manhem II-Sollentuna)"]
[Site "?"]
[Date "2014.03.09"]
[Round "9"]
[White "Eriksson, Mats"]
[Black "Ahfeldt, Joel"]
[Result "1-0"]
[WhiteElo "1994"]
[BlackElo "1510"]
[PlyCount "57"]

1. e4 c5 2. c3 Nf6 3. e5 Nd5 4. d4 cxd4 5. Nf3 Nc6 6. cxd4 e6 7. Bd3 d6 8. O-O
dxe5 9. dxe5 Be7 10. Qe2 O-O 11. Nc3 Nxc3 12. bxc3 Qc7 13. Qe4 g6 14. h4 h5 15.
Re1 Rd8 16. Bc2 Bf8 17. g4 hxg4 18. Qxg4 Ne7 19. c4 b5 20. Be4 Qxc4 21. Bg5 Bb7
22. Rac1 Qb4 23. Rb1 Qc4 24. Bxe7 Bxe7 25. h5 Bxe4 26. Rxe4 Qc2 27. Rxb5 Kg7
28. Rb7 Bc5 29. Qxg6+ 1-0

[Event "Superettan(Kungstornet-Kamraterna)"]
[Site "?"]
[Date "2014.03.09"]
[Round "9"]
[White "Svensson, Bengt"]
[Black "Cicak, Slavko"]
[Result "1/2-1/2"]
[WhiteElo "2399"]
[BlackElo "2570"]
[PlyCount "64"]

1. e4 d5 2. exd5 Qxd5 3. Nc3 Qd6 4. d4 c6 5. Nf3 Bg4 6. Be2 Nf6 7. Bg5 Nbd7 8.
Qd2 e6 9. Bf4 Qb4 10. a3 Qa5 11. O-O Be7 12. h3 Bxf3 13. Bxf3 Qd8 14. Ne4 Nxe4
15. Bxe4 Nf6 16. Bf3 Bd6 17. Rad1 Bxf4 18. Qxf4 Qb6 19. Qc1 O-O-O 20. c3 Rhg8
21. Rfe1 g5 22. Re5 h6 23. g3 Rd6 24. Bg2 Rgd8 25. b4 Qc7 26. Rde1 Kb8 27. Qb2
Nd7 28. R5e2 Nb6 29. Qb3 Nd5 30. Re5 Nf6 31. Qa4 Nd5 32. Qb3 Nf6 1/2-1/2

[Event "Superettan(Kungstornet-Kamraterna)"]
[Site "?"]
[Date "2014.03.09"]
[Round "9"]
[White "Lyrberg, Patrik"]
[Black "Hamark, Jesper"]
[Result "0-1"]
[WhiteElo "2548"]
[BlackElo "2408"]
[PlyCount "68"]

1. Nf3 d6 2. d4 g6 3. e4 Nf6 4. Nc3 Bg7 5. h3 O-O 6. a4 Na6 7. Be2 c5 8. d5 e6
9. O-O exd5 10. exd5 Nb4 11. Bf4 b6 12. Nb5 a6 13. Na3 Nbxd5 14. Bh2 Bb7 15.
Re1 Ne8 16. c3 Ne7 17. Qb3 d5 18. Rad1 Nf6 19. Nc4 dxc4 20. Bxc4 Nfd5 21. Bxd5
Nxd5 22. c4 b5 23. axb5 axb5 24. Qxb5 Qb6 25. Qxb6 Nxb6 26. b3 Bxf3 27. gxf3
Bd4 28. Be5 Bxe5 29. Rxe5 Ra3 30. Rxc5 Rxb3 31. Rc7 Rxf3 32. c5 Na4 33. c6 Rc3
34. Ra7 Nc5 0-1

[Event "Superettan(Kungstornet-Kamraterna)"]
[Site "?"]
[Date "2014.03.09"]
[Round "9"]
[White "Aberg, Anton"]
[Black "Larsson, Anders"]
[Result "1-0"]
[WhiteElo "2418"]
[BlackElo "2339"]
[PlyCount "73"]

1. d4 d6 2. g3 g6 3. Nf3 Bg7 4. Bg2 Nf6 5. O-O O-O 6. c4 c5 7. d5 a6 8. Nc3
Nbd7 9. h3 Rb8 10. a4 Ne8 11. a5 b5 12. axb6 Nxb6 13. Nd2 e6 14. Qc2 exd5 15.
cxd5 Nc7 16. Rd1 Bb7 17. e4 f5 18. Nb3 Qf6 19. Na5 Ba8 20. Nc6 Rbe8 21. f4 fxe4
22. Nxe4 Rxe4 23. Bxe4 Qf7 24. Qg2 Nbxd5 25. Bxd5 Nxd5 26. Qxd5 Qxd5 27. Ne7+
Kf7 28. Nxd5 Bxd5 29. Rxd5 Bd4+ 30. Kg2 Ke6 31. Rg5 Bf6 32. f5+ Kd5 33. fxg6+
Bxg5 34. Bxg5 hxg6 35. Rxa6 Rb8 36. Bf4 Rxb2+ 37. Kf3 1-0

[Event "Superettan(Kungstornet-Kamraterna)"]
[Site "?"]
[Date "2014.03.09"]
[Round "9"]
[White "Wikner, Arvid"]
[Black "Mohammadi, Amir"]
[Result "0-1"]
[WhiteElo "2294"]
[BlackElo "2287"]
[PlyCount "90"]

1. e4 c5 2. Nf3 e6 3. d4 cxd4 4. Nxd4 Nf6 5. Nc3 d6 6. Bc4 Be7 7. Bb3 O-O 8.
Be3 Na6 9. f4 Nc5 10. Qf3 a6 11. O-O-O Qc7 12. g4 b5 13. e5 Bb7 14. exf6 Bxf3
15. fxe7 Qxe7 16. Nxf3 Rfc8 17. Rhe1 Qc7 18. Re2 Rab8 19. f5 b4 20. Na4 Nxb3+
21. axb3 e5 22. Rd5 Rb5 23. Rxb5 axb5 24. Nb6 Rb8 25. Nd5 Qb7 26. Rd2 Ra8 27.
Kd1 Ra1+ 28. Ke2 Rh1 29. Kf2 h6 30. f6 g5 31. Kg3 Rf1 32. h4 e4 33. Nh2 gxh4+
34. Kh3 Re1 35. Bxh6 Qa7 36. Bf4 Kh7 37. Kxh4 e3 38. Rd3 e2 39. Ne7 Rd1 40. Rh3
Qxe7 41. Kg5+ Kg8 42. fxe7 e1=Q 43. Re3 Rd5+ 44. Kf6 Qh4+ 45. g5 Qh8# 0-1

[Event "Superettan(Kungstornet-Kamraterna)"]
[Site "?"]
[Date "2014.03.09"]
[Round "9"]
[White "Borvander, Tom"]
[Black "Henriksson, Johan"]
[Result "1-0"]
[WhiteElo "2214"]
[BlackElo "2295"]
[PlyCount "87"]

1. d4 c6 2. c4 d5 3. Nf3 Nf6 4. Nc3 a6 5. g3 dxc4 6. a4 Nd5 7. Bg2 Nxc3 8. bxc3
b5 9. Ne5 Bb7 10. Ba3 f6 11. Nf3 e6 12. Bxf8 Kxf8 13. O-O Kf7 14. e4 Re8 15.
Qc2 Kg8 16. Rfd1 Nd7 17. a5 Qc7 18. Bh3 Rad8 19. Rd2 Nf8 20. Bg2 c5 21. Rad1
cxd4 22. Nxd4 Qxa5 23. e5 Bxg2 24. Kxg2 Qc7 25. exf6 gxf6 26. Qe4 f5 27. Qh4
Ng6 28. Qg5 Rc8 29. h4 Qe7 30. Qe3 Qf6 31. Nf3 f4 32. Qe4 fxg3 33. fxg3 Qf5 34.
Qe3 Qc5 35. Qh6 Rc7 36. Rd7 Rxd7 37. Rxd7 Ne7 38. Qxe6+ Kh8 39. Ne5 Rf8 40.
Rxe7 Qf2+ 41. Kh3 Qf1+ 42. Kg4 Qe2+ 43. Kg5 Rg8+ 44. Kh6 1-0

[Event "Superettan(Kungstornet-Kamraterna)"]
[Site "?"]
[Date "2014.03.09"]
[Round "9"]
[White "Engstrom, Kaj"]
[Black "Andersson, Johan"]
[Result "1-0"]
[WhiteElo "2284"]
[BlackElo "2214"]
[PlyCount "53"]

1. e4 d6 2. d4 Nf6 3. Nc3 c6 4. h3 e5 5. g4 Be7 6. Bg2 O-O 7. Nge2 Na6 8. O-O
Re8 9. f4 Bf8 10. Be3 b6 11. Ng3 Bb7 12. g5 Nd7 13. Qf3 exd4 14. Bxd4 Nc7 15.
Rad1 b5 16. Qg4 b4 17. Nce2 Qc8 18. b3 Nc5 19. f5 d5 20. Qh5 Nxe4 21. g6 fxg6
22. fxg6 h6 23. Nf5 Re6 24. Nf4 c5 25. Nxe6 Nxe6 26. Bxg7 Ng3 27. Qxh6 1-0

[Event "Superettan(Kungstornet-Kamraterna)"]
[Site "?"]
[Date "2014.03.09"]
[Round "9"]
[White "Svenn, Matti"]
[Black "Holmquist, Gunnar"]
[Result "1/2-1/2"]
[WhiteElo "2219"]
[BlackElo "2230"]
[PlyCount "40"]

1. e4 e5 2. Nf3 Nc6 3. Bb5 a6 4. Ba4 Nf6 5. O-O Be7 6. Re1 b5 7. Bb3 O-O 8. h3
d6 9. c3 a5 10. d4 a4 11. Bc2 Bd7 12. d5 Na5 13. Nbd2 c6 14. Nf1 Nc4 15. Ne3
Nxe3 16. Bxe3 cxd5 17. exd5 Ne8 18. Nh2 Bg5 19. Qd2 Bxe3 20. Qxe3 Nf6 1/2-1/2

[Event "Superettan(Kungstornet-Kamraterna)"]
[Site "?"]
[Date "2014.03.09"]
[Round "9"]
[White "Holving, Rasmus"]
[Black "Nyberg, Ulf"]
[Result "0-1"]
[WhiteElo "2234"]
[BlackElo "2161"]
[PlyCount "108"]

1. Nc3 d5 2. e4 e6 3. Nh3 Nf6 4. d3 dxe4 5. Bg5 exd3 6. Bxd3 Be7 7. Qe2 O-O 8.
O-O-O Nbd7 9. Rhe1 c6 10. f4 Qa5 11. Bc4 Nb6 12. Bb3 Nbd5 13. Ne4 Nxe4 14. Qxe4
Nf6 15. Qf3 Rd8 16. Nf2 Qc7 17. c4 b6 18. Bc2 Ba6 19. Qh3 g6 20. Qh4 Kg7 21.
Re3 Rxd1+ 22. Bxd1 Rd8 23. Qh6+ Kg8 24. Rh3 Rd4 25. Ng4 Nh5 26. Bxe7 Qxe7 27.
Rxh5 f5 28. Rg5 fxg4 29. Bxg4 Qf6 30. Re5 Qxf4+ 31. Qxf4 Rxf4 32. Bxe6+ Kg7 33.
b3 Rf1+ 34. Kd2 Kf6 35. Re2 b5 36. Bd7 bxc4 37. Re6+ Kg5 38. Rxc6 cxb3 39. axb3
Bb7 40. Rc5+ Kf6 41. Bc6 Bxc6 42. Rxc6+ Ke5 43. Rc7 Rf2+ 44. Kc3 h5 45. Rxa7
Rxg2 46. Ra5+ Kd6 47. Ra6+ Kc5 48. Rf6 h4 49. Kd3 h3 50. Ke3 g5 51. Rf2 Rg1 52.
Rf3 g4 53. Rf5+ Kb4 54. Rg5 g3 0-1

[Event "Superettan(Solna-Limhamn II)"]
[Site "?"]
[Date "2014.03.09"]
[Round "9"]
[White "Mansson, Peter"]
[Black "Karlsson, Tomas"]
[Result "1/2-1/2"]
[WhiteElo "2228"]
[BlackElo "2329"]
[PlyCount "44"]

1. e4 e6 2. Nf3 d5 3. Nc3 dxe4 4. Nxe4 Nd7 5. d4 Ngf6 6. Bd3 Nxe4 7. Bxe4 Nf6
8. Bg5 Be7 9. Bxf6 Bxf6 10. Qd3 h6 11. O-O-O c6 12. Kb1 Qc7 13. Rhe1 Bd7 14.
Ne5 O-O 15. f4 Rfd8 16. g4 Be8 17. Qh3 c5 18. d5 exd5 19. Bxd5 Bxe5 20. fxe5
Bd7 21. Qf3 Be6 22. c4 Rab8 1/2-1/2

[Event "Superettan(Solna-Limhamn II)"]
[Site "?"]
[Date "2014.03.09"]
[Round "9"]
[White "Landgren, Andreas"]
[Black "Holst, Conny"]
[Result "1-0"]
[WhiteElo "2285"]
[BlackElo "2261"]
[PlyCount "59"]

1. d4 Nf6 2. c4 c5 3. d5 e5 4. Nc3 d6 5. e4 Be7 6. g3 O-O 7. Bg2 Ne8 8. Nge2 g6
9. O-O Nd7 10. Be3 Ng7 11. h3 f5 12. b3 a6 13. a4 Nf6 14. Qd2 h5 15. f3 Nh7 16.
f4 exf4 17. Nxf4 Qe8 18. Rae1 g5 19. Ne6 Nxe6 20. dxe6 f4 21. gxf4 gxf4 22.
Bxf4 Bxe6 23. e5 dxe5 24. Rxe5 Rf6 25. Rfe1 Nf8 26. Nd5 Rd8 27. Bg5 Rg6 28.
Bxe7 Bxh3 29. Rg5 Bxg2 30. Bxd8 1-0